00840nam a2200241Ia 450000500170000000800270001702000180004410000350006224500900009725000350018730000260022249000180024865000420026665000460030865100480035470000340040226400280043633600270046433700330049133800280052404000350055208400110058720220317000311.0141031s9999 ck 000 0 spa d a97897062770601 aHemingway, Ernest, d1899-196110aPor quién doblan las campanas cErnest Hemingway ; traducción de Claudia Yasbek R a1a ediciónb3a reimpresión a502 páginasc19 cm. aNuevo talento142LEMBaNovela estadounidenseySiglo XX142LEMBaLiteratura estadounidenseySiglo XX14aEspañavHistoriayGuerra civil, 1936-19391 aYazbek R., Claudiaetraductor aMéxicobÉpocac2010 atextobtxt2rdacontent asin mediaciónbn2rdamedia avolumenbnc2rdacarrier aCO-BoRNBPbspaerdacCO-BoRNBP aN HEM1